| 000 | 00571nam a2200193Ia 4500 | ||
|---|---|---|---|
| 005 | 20250923145241.0 | ||
| 008 | 008 250917s9999 xx 000 0 eng d | ||
| 037 | _aTextual | ||
| 040 |
_aDSWL _beng _cDSWL |
||
| 041 |
_aeng _2eng |
||
| 084 |
_aY5927.2rN60, N62.1;2 _qDSWL |
||
| 245 | 0 | _aReport of the scheduled areas and scheduled tribes commission | |
| 260 |
_aDelhi _bThe Manager of Pub. _c1962 |
||
| 300 | _axiv,119p. | ||
| 365 |
_aINR _b6.75 |
||
| 925 | _g6.75 | ||
| 942 |
_cTEXL _hY5927.2rN60, N62.1;2 |
||
| 999 |
_c1448968 _d1448968 |
||